The late MBA and LBA pottery horizons at Qatna : innovation and conservation in the ceramic tradition of a regional capital and the implications for second millennium Syrian chronology /

Bibliographic Details
Main Author: Iamoni, Marco
Format: Book
Language:English
Italian
Language Notes:Text in Italian; abstract in Arabic.
Published: Udine : Forum, [2012]
Series:Studi archeologici su Qatna ; 2.
Documents d'archéologie syrienne ; 20.
Subjects:
Online Access:Table of contents

MARC

Tag First Indicator Second Indicator Subfields
LEADER 00000cam a2200000 a 4500
001 in00003759613
005 20170927134447.0
008 120824t20122012it ab ab 000 0 eng d
010 |a  2012442129 
020 |a 9788884207296 
020 |a 8884207290 
035 |a (OCoLC)ocn779253264 
040 |a ItFiC  |e rda  |c C3L  |d DLC  |d UtOrBLW 
041 0 |a ita  |b ara 
042 |a lccopycat 
043 |a a-sy--- 
049 |a TXAM 
050 0 0 |a NK3803  |b .I26 2012 
082 0 0 |a 738.382093943  |2 22 
100 1 |a Iamoni, Marco.  |0 http://id.loc.gov/authorities/names/no2012109259 
245 1 4 |a The late MBA and LBA pottery horizons at Qatna :  |b innovation and conservation in the ceramic tradition of a regional capital and the implications for second millennium Syrian chronology /  |c Marco Iamoni. 
264 1 |a Udine :  |b Forum,  |c [2012] 
300 |a 358 pages :  |b illustrations, maps ;  |c 28 cm. 
336 |a text  |b txt  |2 rdacontent 
337 |a unmediated  |b n  |2 rdamedia 
338 |a volume  |b nc  |2 rdacarrier 
490 1 |a Studi archeologici su Qatna ;  |v 2 
490 1 |a Documents d'archéologie syrienne ;  |v 20 
546 |a Text in Italian; abstract in Arabic. 
504 |a Includes bibliographical references (pages 189-201). 
505 0 |a I. Geographical and historical background of Central Syria in about the mid second millennium BS -- II. MB-LB ceramic horizon in Syria -- III. Tell Mishrifeh/Qatna: description and analysis of the archaeological contexts -- IV. Pottery database -- V. Corpus of data : analysis of late MBA and LBA forms and fabrics from operations J, K, and T2-T3 -- VI. Concultions -- Bibliography -- Abstract -- Catalogue of pottery. 
650 0 |a Pottery, Prehistoric  |z Syria  |z Al Mashrafah. 
651 0 |a Al Mashrafah (Syria)  |x Antiquities. 
650 0 |a Bronze age  |z Syria  |z Al Mashrafah. 
650 0 |a Excavations (Archaeology)  |z Syria  |z Al Mashrafah. 
830 0 |a Studi archeologici su Qatna ;  |v 2.  |0 http://id.loc.gov/authorities/names/no2008188224 
830 0 |a Documents d'archéologie syrienne ;  |v 20.  |0 http://id.loc.gov/authorities/names/n2005047152 
856 4 1 |3 Table of contents  |u http://catdir.loc.gov/catdir/toc/casalini10/1208168X.pdf  |t 0 
945 |a PromptCat  |b 596403 
946 |a stk 
947 |a A14843393779 
948 |a cataloged  |b h  |c 2016/4/21  |d c  |e dmitchel  |f 3:50:30 pm 
994 |a 92  |b TXA 
999 f f |s 8864eb6c-9d9b-3684-9b8c-cdb7f7077e6b  |i 3ae964d5-dd65-32b0-9a17-b74bcec40792  |t 0 
952 f f |p normal  |a Texas A&M University  |b College Station  |c Sterling C. Evans Library  |d Evans: Library Stacks  |t 0  |e NK3803 .I26 2012  |h Library of Congress classification  |i unmediated -- volume  |m A14843393779 
998 f f |a NK3803 .I26 2012  |t 0  |l Evans: Library Stacks